Optimal drought management using sampling stochastic dynamic programming with a hedging rule /

Bewaard in:
Bibliografische gegevens
Hoofdauteur: Eum, Hyung-Il.
Andere auteurs: Kim, Young-Oh., Palmer, Richard N.
Formaat: Artikel
Taal:English
Onderwerpen:
Tags: Voeg label toe
Geen labels, Wees de eerste die dit record labelt!
Thư viện lưu trữ: Thư viện Trường Đại học Đà Lạt
LEADER 00977nam a2200313 4500
001 DLU110129679
005 ##20111223
040 # # |a DLU  |b eng 
041 # # |a eng 
044 # # |a us 
100 # # |a Eum, Hyung-Il. 
245 # # |a Optimal drought management using sampling stochastic dynamic programming with a hedging rule /  |c Hyung-Il Eum, Young-Oh Kim, Richard N. Palmer. 
653 # # |a Droughts 
653 # # |a Reservoirs 
653 # # |a Sampling 
653 # # |a South Korea 
653 # # |a Stochastic processes 
700 # # |a Kim, Young-Oh. 
700 # # |a Palmer, Richard N. 
773 # # |t Journal of Water Resources Planning and Management  |g Vol. 137, no. 1 (January/February 2011), p. 113-122 
920 # # |a Phòng Tạp chí -- Trung tâm Thông tin - Thư viện Trường Đại học Đà Lạt 
994 # # |a DLU 
900 # # |a True 
911 # # |a Trương Bảo Trâm Anh 
925 # # |a G 
926 # # |a A 
927 # # |a BB 
980 # # |a Thư viện Trường Đại học Đà Lạt